原神の聖遺物 - Statistics

General Stats
  • This quiz has been taken 29 times
  • The average score is 26 of 59
Answer Stats
最大レアリティ 聖遺物セット名 % Correct
☆5 黄金の劇団
89%
☆5 ファントムハンター
89%
☆5 燃え盛る炎の魔女
89%
☆5 灰燼の都に立つ英雄の絵巻
79%
☆5 砂上の楼閣の史話
79%
☆5 絶縁の旗印
79%
☆5 愛される少女
79%
☆5 剣闘士のフィナーレ
79%
☆5 翠緑の影
74%
☆5 金メッキの夢
68%
☆5 追憶のしめ縄
68%
☆5 大地を流浪する楽団
68%
☆5 風立ちの日
63%
☆5 暁の星と月の歌
63%
☆5 黒曜の秘典
63%
☆5 深林の記憶
63%
☆4 教官
63%
☆5 水仙の夢
58%
☆5 海染硨磲
58%
☆5 千岩牢固
58%
☆5 蒼白の炎
58%
☆5 華館夢醒形骸記
53%
☆5 旧貴族のしつけ
53%
☆5 雷のような怒り
53%
☆5 天穹の顕現せし夜
47%
☆5 血染めの騎士道
47%
☆5 遂げられなかった想い
42%
☆5 烈火を渡る賢者
42%
☆5 月を紡ぐ夜の歌
37%
☆5 諧律奇想の断章
37%
☆5 花海甘露の光
37%
☆5 楽園の絶花
37%
☆5 氷風を彷徨う勇士
37%
☆5 悠久の磐岩
37%
☆5 深廊の終曲
32%
☆5 在りし日の歌
32%
☆5 来歆の余響
32%
☆5 辰砂往生録
32%
☆5 沈淪の心
32%
☆4 旅人の心
32%
☆5 長き夜の誓い
26%
☆5 残響の森で囁かれる夜話
26%
☆5 逆飛びの流星
26%
☆4 狂戦士
26%
☆4 雷祭りの人
26%
☆4 火祭りの人
26%
☆3 冒険者
26%
☆4 水祭りの人
21%
☆4 氷祭りの人
21%
☆4 奇跡
21%
☆4 学者
21%
☆4 博徒
21%
☆3 医者
21%
☆3 幸運
21%
☆4 亡命者
16%
☆5 雷を鎮める尊者
11%
☆4 武人
5%
☆4 守護の心
5%
☆4 勇士の心
5%
No matching quizzes found
Score Distribution
Percent of People with Each Score
Percentile by Number Answered
Your Score History
You have not taken this quiz